<?xml version="1.0" encoding="UTF-8"?>
<record
    xmlns:xsi="http://www.w3.org/2001/XMLSchema-instance"
    xsi:schemaLocation="http://www.loc.gov/MARC21/slim http://www.loc.gov/standards/marcxml/schema/MARC21slim.xsd"
    xmlns="http://www.loc.gov/MARC21/slim">

  <leader>01539nam a22001577a 4500</leader>
  <datafield tag="999" ind1=" " ind2=" ">
    <subfield code="c">531682</subfield>
    <subfield code="d">531682</subfield>
  </datafield>
  <controlfield tag="008">251008b           ||||| |||| 00| 0 eng d</controlfield>
  <datafield tag="100" ind1=" " ind2=" ">
    <subfield code="a">Salvati, Luigi and  Tridico, Pasquale </subfield>
    <subfield code="9">57054</subfield>
  </datafield>
  <datafield tag="245" ind1=" " ind2=" ">
    <subfield code="a">Economic dynamics of financial capitalism: Labour market reforms, welfare state reduction, and the impact of technological changes</subfield>
  </datafield>
  <datafield tag="260" ind1=" " ind2=" ">
    <subfield code="a">The Indian Journal of Labour Economies </subfield>
  </datafield>
  <datafield tag="300" ind1=" " ind2=" ">
    <subfield code="a">68(2), Apr-Jun, 2025: p.348-366</subfield>
  </datafield>
  <datafield tag="505" ind1=" " ind2=" ">
    <subfield code="u">
</subfield>
  </datafield>
  <datafield tag="520" ind1=" " ind2=" ">
    <subfield code="a">This article delves into the economic landscape of advanced countries in our current era, delineating the defining features and policies that shape it. Beginning with an examination of financial capitalism, we explore its close relationship with labour market reforms aimed at diminishing job security, weakening unions, and reducing workers' bargaining power. Moreover, we highlight the concurrent reduction of the welfare state's role, which, unless mitigated by addressing demand crises, poses challenges in financing workers' consumption. The intertwining dynamics of technological advancements are also scrutinised, with a focus on the associated risks and opportunities. Finally, we draw policy implications from these analyses, offering insights into navigating the complex economic terrain of the present era.- Reproduced 

https://link.springer.com/article/10.1007/s41027-024-00524-2
</subfield>
  </datafield>
  <datafield tag="650" ind1=" " ind2=" ">
    <subfield code="a">Financial capitalism, Labour market reforms, Welfare state, Technological progress.  </subfield>
    <subfield code="9">57055</subfield>
  </datafield>
  <datafield tag="773" ind1=" " ind2=" ">
    <subfield code="a">The Indian Journal of Labour Economies </subfield>
  </datafield>
  <datafield tag="942" ind1=" " ind2=" ">
    <subfield code="c">AR</subfield>
  </datafield>
  <datafield tag="952" ind1=" " ind2=" ">
    <subfield code="0">0</subfield>
    <subfield code="1">0</subfield>
    <subfield code="2">ddc</subfield>
    <subfield code="4">0</subfield>
    <subfield code="7">0</subfield>
    <subfield code="9">406873</subfield>
    <subfield code="a">IIPA</subfield>
    <subfield code="b">IIPA</subfield>
    <subfield code="d">2025-10-08</subfield>
    <subfield code="h">68(2), Apr-Jun, 2025: p.348-366</subfield>
    <subfield code="p">AR137349</subfield>
    <subfield code="r">2025-10-08</subfield>
    <subfield code="y">AR</subfield>
  </datafield>
</record>
